LEADER 01442nam a2200301 a 4500 001 000000043194 003 CaOOAMICUS 005 20131212113001.0 008 990322s1990 it u000 u und r 035 $a10817739 040 $aPUL(R)$bita 245 00$aScritti di Diritto pubblico e di diritto scolastico in memoria di Saverio De Simone /$cSalvatore Mastropasqua. 246 33$aDiritto scolastico 260 $a[Cassino] :$bIndustria grafica Cassinate,$c1990. 300 $a314 p. ;$c24 cm 500 $aIn testa al front.: Universitā degli studi di Cassino. Facoltā di economia e commercio. 504 $aNote bibliografiche a pič pagina. 600 14$aDe Simone, Saverio.$0(OLS)http://pul/subject/19041 650 4$aDiritto pubblico$zItalia.$0(OLS)http://pul/subject/5771 650 4$aDiritto scolastico$zItalia.$0(OLS)http://pul/subject/19042 700 1 $aMastropasqua, Salvatore,$d1942-$0(OLS)http://pul/name/31631 850 $aPUL 852 $aPUL$W1$xSL Diritto e Scienze Sociali 1$y4$m208 A 4.10$j58231$nBK-PRI$qStampati$B58231$CPULBib$Z2$F58231 $H64995 $81 941 1 $a8 961 $aINV: 64995 996 $6245$aScritti di Diritto pubblico e di diritto scolastico in memoria di Saverio De Simone$9(OLS)http://pul/title/58241 996 $6246$aDiritto scolastico$9(OLS)http://pul/title/58242 996 $6260$a[Cassino] :$bIndustria grafica Cassinate$9(OLS)http://pul/publisher/65183 LEADER 01433nam a2200301 a 4500 001 000000142743 003 CaOOAMICUS 005 20150413092117.0 008 150413s2001 it u000 u ita r 020 $a88-243-1382-5 040 $aPUL$bita 082 04$a342.0852 100 1 $aGuarino, Antonio.$0(OLS)http://pul/name/17075 245 10$aDiritto ecclesiastico tributario e articolo 20 della Costituzione /$cAntonio Guarino. 260 $aNapoli :$bJovene,$c2001. 300 $a159 p. ;$c24 cm 490 1 $aMonografie 650 4$aDiritto ecclesiastico e tributi$zItalia.$0(OLS)http://pul/subject/41557 830 0$aMonografie (Universitā degli Studi di Napoli Federico II. Facoltā di giurisprudenza. Dipartimento di Filosofia dei diritti dell'uomo e della libertā di religione. Sezione diritto ecclesiastico e canonico).$0(OLS)http://pul/title/180697 850 $aPUL 852 $aPUL$W1$xSL Diritto e Scienze Sociali 3$y79$m342. 0852 GUAAN 1$j164617$qDDC 21$B164883$CPULBib$Z2$F164883 $HBar2176 $82 941 1 $a9 961 $aProvenienza Fondo G. Barberini. 996 $6020$a88-243-1382-5$9(OLS)http://pul/number/157359 996 $6082$a342.0852$9(OLS)http://pul/classification/424 996 $6245$aDiritto ecclesiastico tributario e articolo 20 della Costituzione$9(OLS)http://pul/title/180696 996 $6260$aNapoli :$bJovene$9(OLS)http://pul/publisher/47845